000 00693nmc a2200277 a 4500
003 AR-BaBNM
005 20251128211056.0
008 162020s2001 ||||||||||||||000 | spa||
020 _a950-07-2179-1
040 _cAR-BaBNM
100 1 _aPisos, Cecilia
245 1 0 _aLas hadas sueltas
260 _aBuenos Aires
_bSudamericana
_c2001
300 0 _a61 p.
_bil.
490 0 _aPan flauta
_vv. 65
500 0 _aA partir de 9 años
650 4 _aLITERATURA ARGENTINA
650 4 _aLIBROS PARA NINOS
650 4 _aLITERATURA INFANTIL
650 4 _aPOESIA
655 _aLITERATURA
700 1 _aShussheim, Renata
_eilustrador
800 0 _aCanela
942 _cBK
998 _cmartín
999 _c18120
_d18120